Wird geladen...

WEED CONTROL HANDBOOK

Bibliographische Detailangaben
Format: Printed Book
Veröffentlicht: OXFORD BLACKWELL SCIENTIFIC PUBLICATIONS 1970
Ausgabe:SIXTH
Schlagworte:
LEADER 00491nam a2200205 4500
020
037
082 |a 632.5 FRY 
100
245 |a WEED CONTROL HANDBOOK  |h English 
250 |a SIXTH 
260 |a OXFORD  |b BLACKWELL SCIENTIFIC PUBLICATIONS  |c 1970 
300 |a 331  |f HB 
500
590
630
650 |a WEED 
942 |c TB 
999 |c 169137  |d 169137 
952 |0 0  |1 0  |4 0  |6 632_500000000000000_FRY  |7 0  |9 182577  |a BOT  |b BOT  |l 0  |o 632.5 FRY  |p BOT4243  |r 2019-10-25  |w 2019-10-25  |y TB